| 000 | 00515nam a2200157 4500 | ||
|---|---|---|---|
| 008 | 0 1989 0x 000 0MEX | ||
| 020 | _a968-24-3372-X | ||
| 050 | _aKGF1789 C37 1989 | ||
| 082 | _a344.01 C376p | ||
| 100 | _aCavazos Flores, Baltasar | ||
| 245 | _aLas 500 preguntas más usuales sobre temas laborales : orientaciones teórico-prácticas / Baltasar Cavazos Flores | ||
| 250 | _a3 | ||
| 260 | _aMéxico : Trillas | ||
| 300 | _a282 p. / 23 cm. | ||
| 650 | _a1.TRABAJO-LEYES Y LEGISLACION-MEXICO | ||
| 999 |
_c18676 _d18676 |
||